000 01575nam a2200421 i 4500
001 37769
003 KOSZ 005
005 20210406122503.0
008 010111s1998 pl a f |000 0 pol
020 _a8390513293
040 _cWA N
_aWA N
_dKOSZ 005/HR
041 0 _aeng
_beng
_bger
046 _k1998
080 _a621
245 0 0 _aMetrology in quality assurance systems :
_bProject PL-1 : CEEPUS : science report /
_cgeneral ed. Stanisław Adamczak, P. Herbert Osanna ; Kielce University of Technology.
260 _aKielce :
_bWydaw. Politechniki Świętokrzyskiej,
_c1998.
300 _a287, [2] s. :
_brys., wykr. ;
_c24 cm.
336 _2rdacontent
_aTekst
_btxt
337 _2rdamedia
_aBez urządzenia pośredniczącego
_bn
338 _2rdacarrier
_aWolumin
_bnc
380 _aKsiążki
380 _aPublikacje naukowe
388 _a1901-2000
388 _a1989-2000
500 _aU góry okł: CEEPUS - Central European Exchange Program for University Studies.
504 _aBibliogr. przy rozdz.
546 _aStreszcz. ang., niem.
650 4 _aJakość produktu
650 4 _aMaszyny
650 4 _aPomiary
655 7 _aRaport z badań
658 _aInżynieria i technika
700 1 _aOsanna, P. Herbert
_d(1941-2015)
_eRedakcja
710 0 _aWydawnictwo Politechniki Świętokrzyskiej
_b
_4pbl.
700 1 _aAdamczak, Stanisław
_d(1948- )
_eRedakcja
856 _uhttp://koha.tu.koszalin.pl/cgi-bin/koha/opac-detail.pl?biblionumber=37769
_yKatalog online BPK
942 _cKS
_2UKD
999 _c37769
_d37769